000 00464nam a2200121Ia 4500
008 220216s9999 xx 000 0 und d
100 _aThomas S
245 0 _aNonlinear viscoelasticity of rubber nanocomposites
260 _bIRC 2012. International Rubber Conference, 28-31 October 2012, Kovalam, India, Rubber Research Institute of India, Kottayam and IRRDB, Malaysia: Abstracts. pp.37-38.
650 _aNanocomposites
650 _aViscoelasticity
942 _cJS
999 _c64010
_d64010